Análisis de las exportaciones chilenas 1998

সংরক্ষণ করুন:
গ্রন্থ-পঞ্জীর বিবরন
সংস্থা লেখক: Ministerio de Relaciones Exteriores (Author)
বিন্যাস: গ্রন্থ
ভাষা:স্প্যানিশ
প্রকাশিত: Santiago ProChile 1998
বিষয়গুলি:
ট্যাগগুলো: ট্যাগ যুক্ত করুন
কোনো ট্যাগ নেই, প্রথমজন হিসাবে ট্যাগ করুন!

MARC

LEADER 00000nam a2200000 a 4500
001 UCQ7049
003 CL-VaPUC
008 981031e19980000CL |||||||||||||||||spa|d
082 0 4 |a 382.6  |b MIN  |2 21 
110 2 |a Ministerio de Relaciones Exteriores  |e author  |9 420942 
245 1 0 |a Análisis de las exportaciones chilenas 1998 
300 |a 106 p 
942 |c BK 
945 |d 19981031 00:00:00  |a rbrito 
260 |a Santiago  |b ProChile  |c 1998 
650 7 |a EXPORTACIONES  |2 CL-VaPUC  |9 255382 
650 0 |a Análisis de mercados  |9 414441 
650 0 |a Comercio exterior  |9 257617 
650 0 |a Producción   |9 263680 
651 7 |a CHILE  |2 CL-VaPUC  |9 420943 
583 |a last modification  |c 19981031 00:00:00  |k Rodrigo Vera 
999 |c 276879  |d 276877